Great landmarks / (Record no. 9548)

MARC details
000 -LEADER
fixed length control field 01019nam a22002657a 4500
001 - CONTROL NUMBER
control field 9548
003 - CONTROL NUMBER IDENTIFIER
control field FISKH
005 - DATE AND TIME OF LATEST TRANSACTION
control field 20260122091240.0
008 - FIXED-LENGTH DATA ELEMENTS--GENERAL INFORMATION
fixed length control field 260122b cb ||||| |||| 00| 0 eng d
020 ## - INTERNATIONAL STANDARD BOOK NUMBER
International Standard Book Number 9781420745443
040 ## - CATALOGING SOURCE
Original cataloging agency FISKH
Language of cataloging eng
Transcribing agency FISKH
Modifying agency FISKH
050 ## - LIBRARY OF CONGRESS CALL NUMBER
Classification number PZ7
082 ## - DEWEY DECIMAL CLASSIFICATION NUMBER
Classification number 910
100 ## - MAIN ENTRY--PERSONAL NAME
Personal name Batra, Vaishali
Relator term Author
245 ## - TITLE STATEMENT
Title Great landmarks /
Statement of responsibility, etc. Written by Vaishali Batra
260 ## - PUBLICATION, DISTRIBUTION, ETC.
Place of publication, distribution, etc. Marlborough :
Name of publisher, distributor, etc. Sundance Publishing ,
Date of publication, distribution, etc. 2015
300 ## - PHYSICAL DESCRIPTION
Extent 24 pages :
Other physical details color illustrations ;
Dimensions 19 cm
505 ## - FORMATTED CONTENTS NOTE
Formatted contents note N<br/>
520 ## - SUMMARY, ETC.
Summary, etc. Landmarks stand out from what is around them. Some landmarks are natural, such as mountains. Some landmarks are built by people. This book is about landmarks. These are often called monuments. They often stand for something, or are symbols. They may honor great people or events. These are many built landmarks in the world.
521 8# - TARGET AUDIENCE NOTE
Target audience note 530<br/>
Source Lexile <br/>
521 8# - TARGET AUDIENCE NOTE
Target audience note N<br/>
Source Raz-Plus<br/>
650 ## - SUBJECT ADDED ENTRY--TOPICAL TERM
Topical term or geographic name entry element Monuments
Form subdivision Honor great people
942 ## - ADDED ENTRY ELEMENTS (KOHA)
Source of classification or shelving scheme Dewey Decimal Classification
Koha item type Books
Suppress in OPAC No
Holdings
Withdrawn status Lost status Source of classification or shelving scheme Damaged status Not for loan Collection Home library Current library Shelving location Date acquired Total Checkouts Full call number Barcode Date last seen Copy number Price effective from Koha item type
    Dewey Decimal Classification     Non-Fiction Footprints International School Library Network Toul Tom Poung Campus Footprints International School Library Network Toul Tom Poung Campus TTP Primary Yellow Bookshelves 01/22/2026   BAT 910 PZ7 FISTK04143 01/22/2026 1 01/22/2026 Books